1592 1161 1558 1917 1659 1490 1746 1799 1530 1206 1598 1612 1892 1360 1544 1029 1006 1502 1541 1107 1517 1405 1112 1210 1923 1675 1702 1926 1401 1046 1066 1082 1265 1638 1001 1006 1342 1782 1615 1097 1409 1058 1059 1706 1270 1407 1828 1411 1072 1901 1795 1593 1318 1592 1367 1471 1462 1889 1514 1983 1346 1121 1879 1267 1582 1025 1074 1514 1994 1326 1796 1137 1326 1780 1620 1625 1151 1139 1279 1981 1575 1237 1624 1042 1857 1978 1165 1910 1140 1331 1451 1726 1703 1633 1272 1844 1620 1497 1832 BCNSPRNW ULIB Ver.6.0+V

เปลี่ยนเป็นภาษาไทย

Change to English
 แสดงรายละเอียดบรรณานุกรม
  กลับหน้าหลัก

Brief Record : Get Marc (ISO 2709) : E-mail record : QR code < ปิดหน้าต่าง
LEADER : 00000nam 2200000uu 4500
001    13399112547
003     ULIB
008    110824s2554||||th 000 0 tha d
020    9786165001311
090    นว.^bก832ค 2554
100 0  เก้าแต้ม
245 00 คุณชายพุฒิภัทร/^cเก้าแต้ม
250    พิมพ์ครั้งที่ 1
260    กรุงเทพฯ :^bพิมพ์คำ,^c2554
300    454 หน้า
490 0  นวนิยายชุด สุภาพบุรุษจุฑาเทพ
945    ^p270^l0^i18516
995    กัณชพร
999    ^aใช้งานได้ทุกระบบ
รายการนี้ยังไม่มีแท็ก
คุณยังไม่ได้ล็อกอิน คุณสามารถมีกิจกรรมร่วมกับเว็บไซต์ได้ แต่ต้องล็อกอินก่อน ::
  ล็อกอิน

รายการสื่อสารสนเทศ

ลำดับที่ ประเภท เลขเรียก/บาร์โค้ด สถานที่ สถานะ
1. วิทยาศาสตร์การแพทย์ และสุขภาพ
วิทยาศาสตร์การแพทย์ และสุขภาพ
นว. ก832ค 2554  
  Barcode: 18516
ห้องสมุดวิทยาเขตสวรรค์ประชารักษ์
►นวนิยาย
บนชั้น
  ขอยืม

รายการใกล้เคียง
    ผู้แต่ง [เก้าแต้ม]

BibComment


ยังไม่เคยถูกคอมเมนท์

คอมเมนท์ทรัพยากรรายการนี้
  คอมเมนท์: คุณชายพุฒิภัทร เก..


 Copyright 2026. Bcnsprnw @Library